MARC

LEADER 00000nas a2200000 a 4500
001 ssj0008643
003 WaSeSS
005 20200512172242.0
006 m d
007 cr n
008 000928c19849999nyuqr p s 0 a0eng c
010 |a  2004233742 
015 |a GBB409384  |2 bnb 
015 |a 17,O11  |2 dnb 
016 7 |a 02051297X  |2 DE-101 
016 7 |a 1045471-8  |2 DE-600 
016 7 |a 2016740-4  |2 DE-600 
016 7 |a 012433714  |2 Uk 
022 |a 1556-0856  |l 0894-8453  |y 0894-8453 
024 8 |a ZDB-1-SAG-J555 
035 |a (WaSeSS)ssj0008643 
037 |b Sage Publications, 2455 Teller Rd., Thousand Oaks, CA 91320 
040 |a F#A  |b eng  |c F#A  |d OCLCQ  |d MUQ  |d OCLCQ  |d RBN  |d OCLCQ  |d GUA  |d NSD  |d MYG  |d WAU  |d OCLCQ  |d UKMGB  |d OCLCQ  |d OCLCF  |d SHS  |d DEBBG  |d LND  |d OCLCO  |d DLC  |d OCLCQ  |d WT2  |d OCLCO  |d CHVBK  |d GWDNB  |d NLE  |d VT2  |d OCLCQ  |d AU@  |d OCLCA  |d OCLCQ  |d RDF  |d OCLCQ  |d WaSeSS 
042 |a pcc  |a nsdp 
043 |a n-us--- 
050 1 4 |a LC1037.5 
082 1 0 |a 370  |2 13 
130 0 |a Journal of career development (Online) 
222 0 |a Journal of career development  |b (Online) 
245 1 0 |a Journal of career development  |h [electronic resource]. 
260 |a New York, NY :  |b Kluwer Academic/Plenum Publishers,  |c 1984- 
260 2 |3 -2005 :  |a [Dordrecht] :  |b Springer Netherlands 
260 3 |3 <2006-> :  |a [Thousand Oaks, CA] :  |b Sage 
310 |a Quarterly 
362 1 |a Print began with vol. 11, no. 1 (Sept. 1984). 
506 |a License restrictions may limit access. 
588 0 |a Vol. 13, no. 1 (Sept. 1986); title from journal contents screen (SpringerLink, viewed Nov. 16, 2009). 
588 1 |a Vol. 31, no. 4 (Jun. 2005) (SpringerLink, viewed Nov. 16, 2009). 
650 0 |a Career education  |z United States  |v Periodicals. 
650 0 |a Career development  |v Periodicals. 
650 6 |a Préparation à une carrière  |z États-Unis  |v Périodiques. 
650 7 |a Career development.  |2 fast  |0 (OCoLC)fst00847280 
650 7 |a Career education.  |2 fast  |0 (OCoLC)fst00847302 
650 7 |a Berufswahlunterricht  |2 gnd 
650 7 |a Zeitschrift  |2 gnd 
651 7 |a United States.  |2 fast  |0 (OCoLC)fst01204155 
651 7 |a USA.  |2 swd 
655 0 |a Electronic journals. 
776 1 |t Journal of career development  |x 0894-8453  |w (DLC) 85644338  |w (OCoLC)11297198 
856 4 0 |z Full text available from Research Library: 01/01/1998 to 07/31/2005  |u https://search.proquest.com/publication/47800